00872nam a2200205 a 4500008004100000020003300041040002500074041001300099080001900112100002600131245012600157250001300283260005100296300003500347500019700382700002600579700002400605700002600629044001100655951122s1985||||[C 0 slo c c140 Kčs. q(30000 výtl.) aSNKbslocSNKeAACR21 aslohslo a37(437.6)(031)1 aPavlík, Ondrej4aut10aPedagogická encyklopédia Slovenska. 2. zv. P - ŽcOndrej Pavlík ; Ondrej Pavlík, Oto Takáč, Ján Roháč a1., vyd. aBratislavabVedac1985eBratislavafSvornosť a703 s., 141,99 AHbFot.c27 cm aRozlož. tit. list. Abeced. zozn. prof. a doc. vys. škôl SSR. Zozn. aut., spoluprac. a komisií zúčastnených na tvorbe encyklopédie. Fareb. príl. vytl. Tlačiarne SNP, Martin.1 aPavlík, Ondrej4com1 aTakáč, Oto4bkd1 aRoháč, Ján4oth axocSK